The collected works of Samuel Taylor Coleridge: Lectures 1795 On Politics and Religion
Obras completas de Samuel Taylor que se ordenan en forma cronológica, la mayoría de los trabajos son conferencias realizadas, albergando en esta colección los temas que dominan son sobre política, religión y derechos humanos. Las más resaltables son: “Conferencias sobre la religión revelada, su corr...
Gespeichert in:
| 1. Verfasser: | |
|---|---|
| Format: | Buch |
| Sprache: | Undetermined |
| Veröffentlicht: |
Gran Bretaña
Routledge and Kegan Paul
1971
|
| Schlagworte: | |
| Tags: |
Tag hinzufügen
Keine Tags, Fügen Sie den ersten Tag hinzu!
|
MARC
| LEADER | 00000nam a2200000Ia 4500 | ||
|---|---|---|---|
| 008 | 170316s9999 xx 000 0 und d | ||
| 040 | |a cru BVZT | ||
| 090 | |a 820 C-10c v.1 | ||
| 100 | |a Coleridge, Samuel Taylor | ||
| 245 | 4 | |a The collected works of Samuel Taylor Coleridge: Lectures 1795 On Politics and Religion | |
| 260 | |a Gran Bretaña | ||
| 260 | |b Routledge and Kegan Paul | ||
| 260 | |c 1971 | ||
| 300 | |a 512 páginas. Tomo 1 | ||
| 520 | |a Obras completas de Samuel Taylor que se ordenan en forma cronológica, la mayoría de los trabajos son conferencias realizadas, albergando en esta colección los temas que dominan son sobre política, religión y derechos humanos. Las más resaltables son: “Conferencias sobre la religión revelada, su corrupción y sus opiniones políticas” y "Conferencia sobre la trata de esclavos" | ||
| 650 | |a LITERATURA INGLESA |9 12 | ||
| 999 | |c 6759 |d 6759 | ||
| 942 | |c LIB |h 820 C-10c v.1 |2 z | ||
